RICS Construction productivity report 2026 (Record no. 122299)
[ view plain ]
| 000 -LEADER | |
|---|---|
| fixed length control field | 00955nam a22002057a 4500 |
| 005 - DATE AND TIME OF LATEST TRANSACTION | |
| control field | 20260310091954.0 |
| 008 - FIXED-LENGTH DATA ELEMENTS--GENERAL INFORMATION | |
| fixed length control field | 260310s2026 xxk|||||o|||| 00| 0 eng d |
| 041 ## - LANGUAGE CODE | |
| Language code of text/sound track or separate title | eng |
| 110 ## - MAIN ENTRY--CORPORATE NAME | |
| Corporate author | Royal Institution of Chartered Surveyors |
| 245 ## - TITLE STATEMENT | |
| Title | RICS Construction productivity report 2026 |
| Medium | [Electronic resource] |
| 260 ## - PUBLICATION INFORMATION | |
| Place of publication | London, |
| Publisher | Royal Institution of Chartered Surveyors, |
| Date | 9 March 2026 |
| 520 ## - ABSTRACT | |
| Abstract | This article presents findings from the RICS Global Construction Monitor, drawing on responses from nearly 3,000 construction professionals across five regions: UK, Europe, Americas, Asia-Pacific (APAC), and Middle East & Africa (MEA) |
| 650 ## - KEYWORDS | |
| Keywords | PRODUCTIVITY |
| 650 ## - KEYWORDS | |
| Keywords | STATISTICS |
| 651 ## - SUBJECT ADDED ENTRY--GEOGRAPHIC NAME | |
| Geographic name | United Kingdom |
| 690 ## - BROAD SUBJECT | |
| Broad subject | Construction management |
| 9 (RLIN) | 6230 |
| 710 ## - ADDED CORPORATE NAME | |
| Added corporate author | Royal Institution of Chartered Surveyors |
| 856 ## - ONLINE RESOURCE | |
| Uniform Resource Identifier | <a href="https://www.rics.org/news-insights/rics-construction-productivity-report-2026">https://www.rics.org/news-insights/rics-construction-productivity-report-2026</a> |
| Public note | Available on RICS.org |
| 942 ## - ADDED ENTRY ELEMENTS (KOHA) | |
| Suppress in OPAC | Do not suppress in OPAC |
| Lost status | Damaged status | Not for loan | Current library | Shelving location | Date acquired | Total Checkouts | Full call number | Date last seen | Price effective from | Koha item type |
|---|---|---|---|---|---|---|---|---|---|---|
| Virtual | Online | 10/03/2026 | ONLINE PUBLICATION | 10/03/2026 | 10/03/2026 | Online material |